| 000 | 00382nam a22001457a 4500 | ||
|---|---|---|---|
| 005 | 20200619130902.0 | ||
| 008 | 200619b xxu||||| |||| 00| 0 eng d | ||
| 082 | _a345.4 LIC | ||
| 110 |
_aALL INDIA REPORTER _96208 |
||
| 245 | _aLABOUR AND INDUSTRIAL CASES [199A] V-24 PART-II | ||
| 260 |
_aMUMBAI _bALL INDIA REPORTER _c1991 |
||
| 300 | _a32p. | ||
| 650 |
_aLAW _95701 |
||
| 942 | _cJRL | ||
| 999 |
_c7303 _d7301 |
||